Lía y el mar (Record no. 694)
[ view plain ]
| 000 -CABECERA | |
|---|---|
| campo de control de longitud fija | 01320nam a22002894c 4500 |
| 003 - IDENTIFICADOR DE NUMERO DE CONTROL | |
| campo de control | AR-BaSMT |
| 008 - CAMPOS DE LONGITUD FIJA | |
| campo de control de longitud fija | 260520b2021 aga|||br|||| 000 1|spa d |
| 020 ## - ISBN: Indicadores indefinidos | |
| Número ISBN | 9789877670882 |
| 040 ## - FUENTE DE CATALOGACION | |
| Agencia de catalogación original | BSGB |
| Idioma de catalogación | español |
| Agencia que realiza la transcripción | BSGB |
| Convenciones de la descripción | rda |
| 041 0# - CODIGO DE IDIOMA | |
| Código idioma | spa |
| Idioma original | español |
| 080 ## - CDU | |
| CDU completo | 82-34 |
| 100 1# - PUNTO DE ACCESO PRINCIPAL | |
| Nombre de persona | Dema, Pablo |
| Enlace autoridades | 522 |
| 245 10 - MENCION DE TITULO | |
| Título | Lía y el mar |
| 250 ## - MENCION DE EDICION | |
| Mención de edición | Primera edición |
| 264 #1 - PRODUCCIÓN, PUBLICACIÓN, DISTRIBUCIÓN, ETC. | |
| Lugar de publicación, etc. | Buenos aires : |
| Nombre editor. | Planeta lector , |
| Fecha | 2021 |
| 300 ## - DESCRIPCION FISICA | |
| Extensión | 56 páginas ; |
| Otros detalles físicos | ilustraciones color |
| 336 ## - TIPO DE CONTENIDO | |
| rdacontent | rdacontent |
| texto | texto |
| txt | txt |
| 337 ## - TIPO DE MEDIO | |
| rdamedia | rdamedia |
| sin mediación | sin mediación |
| n | n |
| 338 ## - TIPO DE SOPORTE | |
| rdacarrier | rdacarrier |
| volumen | volumen |
| nc | nc |
| 490 ## - TÍTULO DE LA SERIE | |
| Título de la serie | Planeta amarillo |
| 520 0# - NOTA DE SUMARIO, RESUMEN, ETC. | |
| Toda la nota | La primera vez que Lía ve el mar, le parece horrible, horrible. Y el mar se queda preocupado. Pero con el correr del tiempo van teniendo otros encuentros, reuniones en las que Lía comienza a conocerlo, a entrar en confianza, a verlo como una amiga más, para terminar sintiendo que puede fundirse en él como si fueran una misma gota de agua.<br/>Lía y el mar tienen una relación fuerte, intensa, que sube y baja como las olas. O como la vida misma. |
| URL, URI, etc. | https://www.planetalector.com.ar/libros/lia-y-el-mar/306127/<br/>20/05/2026 |
| 521 ## - NOTA DE PÚBLICO DESTINATARIO | |
| Nota de audiencia | A partir de 5 años |
| 650 #7 - PUNTO DE ACCESO ADICIONAL DE MATERIA – TÉRMINO TEMÁTICO | |
| Enlace autoridades | 8 |
| Término de materia o nombre geográfico como elemento de entrada | LITERATURA INFANTIL |
| 650 #7 - PUNTO DE ACCESO ADICIONAL DE MATERIA – TÉRMINO TEMÁTICO | |
| Enlace autoridades | 23 |
| Término de materia o nombre geográfico como elemento de entrada | CUENTO |
| Subdivisión geográfica | Argentina |
| 942 ## - ELEMENTOS AGREGADOS (KOHA) | |
| CDU | Clasificación Decimal Dewey |
| Tipo de ítem | Libros |
| Disponible | Perdido | Fuente de clasificación | Estado | Ubicación permanente | Locación actual | Estante o sala | Fuente de adquisición | Número de inventario | Total préstamos | Signatura topográfica | Código de barras | Numero de ejemplar | Tipo de item de Koha | Calificador de localización códificado |
|---|---|---|---|---|---|---|---|---|---|---|---|---|---|---|
| Clasificación Decimal Dewey | Biblioteca Susana G. De Batemarco | Biblioteca Susana G. De Batemarco | Amarillo | donación editorial | 001075 | 82-34 DEM | 001075 | 1 | Libros |
